000 00920nam a22002777a 4500
003 CHAP
005 20220329134740.0
008 971013s1930 r 00010 d
010 _a25231
011 _a26203
035 _a30303
040 _cCHAP
082 _a338.13
_bI5
110 _aInstituto Internacional de Agricultura
_959225
245 _aNombres-índices des prix des produits agricoles et autres nombres-indices des prix intéressant l'agriculture
260 _aRoma :
_bInstituto Poligrafico dello Stato,
_c1930
300 _a122 p
590 _aBATCH-UPD
_b10
_c20130110
_lUCH01
_h2002
590 _aBATCH-UPD
_b10
_c20130410
_lUCH01
_h1322
590 _aBATCH-UPD
_b10
_c20130914
_lUCH01
_h1939
590 _aCONVERSION
_b10
_c20130109
_lUCH01
_h1315
650 1 4 _aProductos agrícolas
_xPrecios.
_992004
901 _aBK
942 _cLIBRO
949 _a338.13 I5
_bBC
_cLIBRO
_d-70275
_eLIBRO
_h5482
_i30303
_si
999 _c25231
_d25231